Métamorphoses et symboles de la libido / (Record no. 85755)

MARC details
000 -LEADER
campo de control de longitud fija 00697nam a2200217 i 4500
001 - NÚMERO DE CONTROL
campo de control 85755
003 - IDENTIFICADOR DE NÚMERO DE CONTROL
campo de control ES-MaACL
005 - FECHA Y HORA DE LA ÚLTIMA TRANSACCIÓN
campo de control 20250926063056.0
007 - CAMPO FIJO DE DESCRIPCIÓN FÍSICA--INFORMACIÓN GENERAL
campo de control de longitud fija t|
008 - DATOS DE LONGITUD FIJA--INFORMACIÓN GENERAL
campo de control de longitud fija 041201s1924 fr ||||1| fre d
100 1# - ENTRADA PRINCIPAL--NOMBRE DE PERSONA
Nombre de persona Jung, Carl G.,
Fechas asociadas al nombre 1875-1961
9 (RLIN) 67282
245 10 - MENCIÓN DEL TÍTULO
Título Métamorphoses et symboles de la libido /
Mención de responsabilidad, etc. Charles Gustave Jung ; traduit de l'allemand par L. De Vos ; introduction de Ives Le Lay.
260 ## - PUBLICACIÓN, DISTRIBUCIÓN, ETC.
Lugar de publicación, distribución, etc. Paris : Montaigne, [1924?]
300 ## - DESCRIPCIÓN FÍSICA
Extensión XXVI, 487 p. ;
Dimensiones 25 cm.
650 07 - PUNTO DE ACCESO ADICIONAL DE MATERIA--TÉRMINO DE MATERIA
Término de materia o nombre geográfico como elemento de entrada Psicología
Fuente del encabezamiento o término embne
9 (RLIN) 16540
650 #4 - PUNTO DE ACCESO ADICIONAL DE MATERIA--TÉRMINO DE MATERIA
Término de materia o nombre geográfico como elemento de entrada Subconsciente.
9 (RLIN) 17233
700 1# - ENTRADA AGREGADA--NOMBRE PERSONAL
Nombre de persona De Vos, L.
9 (RLIN) 43083
700 1# - ENTRADA AGREGADA--NOMBRE PERSONAL
Nombre de persona Le lay, Ives.
9 (RLIN) 70895
852 ## - LOCALIZACIÓN
Ubicación ES-MaACL
Número de control de estantería A-2476
Holdings
Estatus retirado Estado de pérdida Estado de daño No para préstamo Biblioteca de origen Biblioteca actual Ubicación en estantería Fecha de adquisición Fuente de adquisición Total de préstamos Signatura topográfica completa Código de barras Visto por última vez Precio de reemplazo Tipo de ítem Koha
        Biblioteca del Ateneo de Madrid Biblioteca del Ateneo de Madrid Sala Pecera Planta 1 17/01/2008     A-2476 1089606 23/02/2023 23/02/2023 Libro impreso